[Event "FRA-chT Top 12 2019"]
[Site "Brest"]
[Date "2019.05.19"]
[Round "2.7"]
[White "Loiseau, Quentin"]
[Black "Bressac, Stephane"]
[Result "1-0"]
[WhiteElo "2471"]
[BlackElo "2358"]
[Annotator "TA"]
[PlyCount "109"]
[EventDate "2019.05.18"]
[EventType "team-tourn"]
[EventCountry "FRA"]
[SourceTitle "playchess.com"]
[Source "ChessBase"]
[SourceQuality "1"]

{[%evp 17,109,53,45,38,84,100,106,110,115,116,137,139,132,134,143,119,122,27,268,124,153,140,261,94,66,100,90,-88,-80,-88,-95,-123,0,0,0,0,9,9,8,0,0,0,106,97,107,92,97,89,90,88,90,90,90,83,-64,100,326,0,276,275,408,394,368,375,375,375,414,391,402,381,344,279,382,372,452,455,452,455,956,956,951,473,950,945,933,893,860,574,29963,29963,29967,29968,29994,29995]} 1. d4 d6 2. Nf3 Nf6 3. c4 g6 4. Nc3 Nbd7 5. e4 e5 6. Be2 Bg7 7. Be3 O-O 8. d5 Ng4 9. Bg5 f6 10. Bd2 {E93: King's Indian: Classical: Petrosian System with 7...Nbd7} (10. Bh4 a5 11. Nd2 Nh6 12. f3 Nf7 13. Qc2 Nc5 14. O-O Bh6 15. Kh1 Bd7 16. b3 Kg7 17. Rab1 Na6 18. a3 c5 19. dxc6 bxc6 {½-½ (31) Giri,A (2780)-Rapport,R (2725) Douglas 2018}) 10... Nh6 11. h4 a5 12. Qc1 {White is better.} Nf7 13. h5 Nc5 14. hxg6 hxg6 15. Nh4 Nh8 16. Qc2 f5 $146 ({Predecessor:} 16... c6 17. O-O-O f5 18. Be3 cxd5 19. Bxc5 {1-0 (31) Huss,A (2353)-Weindl,A (2355) Switzerland 2007}) 17. exf5 (17. Be3 $16) 17... gxf5 $2 (17... g5 $1 $11 18. Nf3 Bxf5) 18. g4 (18. O-O-O $18 {and White stays clearly on top.}) 18... fxg4 $16 19. O-O-O Qf6 (19... Rxf2 $16 20. Be3 Rf7) 20. Ne4 $2 (20. Rdg1 $18 {is more deadly.}) 20... Nxe4 21. Qxe4 Nf7 {And now ...Ng5 would win.} ({Don't blunder} 21... Qxf2 $2 22. Bd3 $18) 22. Bd3 $2 (22. Rdg1 $1 $16 Ng5 23. Qc2) 22... Ng5 $17 23. Bxg5 Qxg5+ 24. Kb1 Rxf2 (24... Rf4 $1 $17 {[%cal Rf4e4]} 25. Qe2 (25. Qh7+ Kf7 $17) 25... Qf6) 25. Qh7+ $11 Kf7 {Hoping for ...e4!} 26. Rdf1 Rf4 27. Ng2 $36 {[%mdl 2048] White has the initiative.} Rf3 28. Nh4 Rf4 29. Ng6 Bd7 (29... Rf3 $1 $11) 30. Nxf4 $16 exf4 31. Rxf4+ Qxf4 32. Qg6+ $1 Kf8 {[#]} 33. Rf1 $1 {[%mdl 512] [#]} Qxf1+ $1 34. Bxf1 Re8 {aiming for ...Re1+.} 35. Bd3 {[%mdl 1024] White has strong compensation.} Re1+ 36. Kc2 Rg1 $2 {[#]} (36... Re5 $16) 37. Be4 $2 (37. Qg5 $1 $18) 37... a4 $2 {[%mdl 8192]} (37... Rf1 $11 {and Black has nothing to worry.}) 38. Qg5 $18 Rf1 (38... Re1 $142) 39. Qd8+ {[%mdl 64] Double Attack} Be8 40. Bg6 {[%csl Gg6][%cal Rd8e8]} Re1 41. Bxe8 {White wants to mate with Bh5+.} Rxe8 42. Qxc7 {[%mdl 4096] Endgame KQ-KRB} Be5 43. Qd7 g3 44. Qf5+ ({Not} 44. Qxb7 g2 $11) 44... Kg7 {[#]} 45. c5 $1 {[%mdl 512]} Re7 (45... dxc5 46. d6) 46. c6 bxc6 47. dxc6 Rf7 (47... Rc7 $142 48. Kd3 Kh6 49. Qf8+ Kg6) 48. Qg5+ Kh7 49. Qh5+ (49. Kd3 $142 Ra7 50. Qd8) 49... Kg8 (49... Kg7 $142 50. Kd3 Kf6) 50. Qg4+ Kh7 51. Kd3 Rg7 52. Qh3+ Kg8 {If Black can now play ...g2 this consolidates a bit.} 53. Qc8+ {White mates.} Kf7 {[#]} 54. c7 $1 g2 55. Qf5+ {Accuracy: White = 55%, Black = 29%.} 1-0

[Event "FRA-chT Top 12 2019"]
[Site "Brest"]
[Date "2019.05.19"]
[Round "2.7"]
[White "Flear, Glenn C"]
[Black "Choisy, Mathilde"]
[Result "1/2-1/2"]
[WhiteElo "2445"]
[BlackElo "2113"]
[Annotator "TA"]
[PlyCount "80"]
[EventDate "2019.05.18"]
[EventType "team-tourn"]
[EventCountry "FRA"]
[SourceTitle "playchess.com"]
[Source "ChessBase"]
[SourceQuality "1"]

{[%evp 15,80,39,45,39,39,32,39,37,40,37,45,39,47,26,54,43,61,72,73,59,56,56,84,38,82,74,71,65,67,56,90,42,61,42,106,110,126,60,61,63,116,36,37,0,-2,-154,-141,-151,-158,-172,-29,-40,-22,-18,-25,-63,-21,-43,0,-12,0,0,0,-15,0,-8,0]} 1. d4 Nf6 2. c4 g6 3. Nc3 Bg7 4. e4 d6 5. Be2 O-O 6. Bg5 c5 7. d5 h6 8. Bf4 e6 9. Qd2 {E74: King's Indian: Averbakh Variation: 6...c5} (9. Nf3 exd5 10. cxd5 g5 11. Bg3 Nh5 12. O-O Na6 13. Re1 Nc7 14. Bd3 Nxg3 15. hxg3 b5 16. e5 c4 17. Bc2 b4 18. Ne4 dxe5 19. d6 {0-1 (38) Kelires,A (2523)-Bologan,V (2600) Batumi 2018}) 9... exd5 10. cxd5 Re8 11. f3 {White is slightly better.} Kh7 12. g4 Na6 $146 ({Predecessor:} 12... a6 13. a4 Qe7 14. h4 Nbd7 15. Nh3 Ne5 16. Nf2 Bd7 {1-0 (36) Kharlamov,V-Brzozka,S Czestochowa 1992}) 13. Nh3 Nc7 14. Nf2 a6 15. a4 b6 16. Kf1 Rb8 17. Kg2 b5 18. axb5 axb5 19. Ra7 b4 20. Ncd1 $36 {[%mdl 2048] White is on the roll.} Ra8 21. Rxa8 Nxa8 22. Ne3 Nb6 $1 23. Ra1 Qe7 24. Bg3 Nfd7 (24... Rd8 $14) 25. Ra7 Be5 26. Nc4 (26. Bb5 $16) 26... Nxc4 27. Bxc4 Qf6 (27... Qd8 $14) 28. f4 (28. Bb5 $16 Bxg3 29. hxg3) 28... Bd4 $14 29. e5 dxe5 30. Bb5 $2 ({White has to play} 30. Ne4 $11 Qb6 31. Rxd7 Bxd7 32. fxe5 Bxe5 33. Bxe5 Rxe5 34. Qf4 $1 {[%mdl 576] Double Attack} Rxe4 35. Qxf7+ {[%mdl 64] Double Attack} Kh8 36. Qf8+ {[%mdl 64] Double Attack} Kh7 37. Qf7+ {[%mdl 64] Double Attack} Kh8 38. Qf8+ {[%mdl 64] Double Attack} Kh7 39. Qf7+ {[%mdl 64] Double Attack}) 30... Rd8 $17 {...Qb6 is the strong threat.} 31. Bc6 {White wants to play Ne4.} exf4 32. Ne4 {[#]} Qe5 (32... f3+ $1 $19 33. Kh1 Qe7) 33. Qxf4 $11 Qxf4 34. Bxf4 c4 (34... Bxb2 35. Bc7 $14) 35. Rc7 {Strongly threatening Nd6.} Ne5 {[%mdl 64] Discovered Attack} 36. Nf6+ Kg7 37. Ne8+ {The position is equal.} Kg8 {Threatens to win with ...g5.} 38. Nf6+ Kg7 39. Ne8+ Kg8 {And now ...g5 would win.} 40. Nf6+ Kg7 {Accuracy: White = 47%, Black = 52%.} 1/2-1/2

[Event "FRA-chT Top 12 2019"]
[Site "Brest"]
[Date "2019.05.19"]
[Round "2.7"]
[White "Vaugeois, Cyrille"]
[Black "Le Roux, Jean-Pierre"]
[Result "0-1"]
[WhiteElo "2146"]
[BlackElo "2539"]
[Annotator "TA"]
[PlyCount "40"]
[EventDate "2019.05.18"]
[EventType "team-tourn"]
[EventCountry "FRA"]
[SourceTitle "playchess.com"]
[Source "ChessBase"]
[SourceQuality "1"]

{[%evp 10,40,0,0,2,-32,-28,-29,0,-43,-10,-21,0,-80,-74,-72,-87,-117,-104,-185,-193,-183,-131,-123,-67,-234,-209,-213,-187,-277,-231,-394,-403]} 1. e4 e5 2. Nf3 Nc6 3. Nc3 Nf6 4. d4 Bb4 5. d5 Ne7 6. Bd3 d6 {C47: Scotch Four Knights and Four Knights with 4 g3} 7. a3 (7. O-O O-O 8. Na4 c6 9. dxc6 bxc6 10. a3 Ba5 11. b4 Bc7 12. c4 d5 13. Nc3 dxe4 14. Nxe4 Nxe4 15. Bxe4 {0-1 (27) Andreikin,D (2713)-Mamedyarov,S (2753) Khanty-Mansiysk 2013}) 7... Bxc3+ $1 8. bxc3 h6 {Black has an edge.} 9. Rb1 $146 ({Predecessor:} 9. h3 g5 10. Nh2 Ng6 11. Ng4 Nxg4 12. hxg4 Qf6 13. Be3 Nh4 14. Rh2 {0-1 (34) Blosze,W (1838)-Seidel,A (1992) Magdeburg 2015}) 9... O-O 10. c4 Nh7 11. g4 (11. h3 $11) 11... Bxg4 $17 12. Rg1 Bh5 13. Be2 Ng6 14. Rb3 (14. Rxb7 $17 Nf6 15. Nd2) 14... b6 $19 15. Nd4 exd4 (15... Bxe2 $19 16. Nxe2 Qh4) 16. Bxh5 $17 Qh4 (16... Qe7 $17 17. Qxd4 Rae8 18. Bxg6 fxg6 19. Rxg6 Qxe4+ 20. Qxe4 Rxe4+ 21. Re3 Rxc4) 17. Bf3 $2 {[#]} (17. Qg4 $15 Nf6 18. Qxh4 Nxh4 19. Be2) 17... Rae8 $19 ({Don't take} 17... Qxh2 18. Kf1) 18. Qxd4 Ne5 ({Don't play} 18... Qxh2 19. Rh1 $17) 19. Kf1 (19. Be2 $142) 19... f5 ({Not} 19... Qxh2 20. Bg2 $15) 20. Bb2 $2 (20. Bd1 {might work better.}) 20... Ng5 {[%mdl 64] Double Attack. Accuracy: White = 19%, Black = 60%.} 0-1

[Event "FRA-chT Top 12 2019"]
[Site "Brest"]
[Date "2019.05.19"]
[Round "2.7"]
[White "Van Hoolandt, Patrick"]
[Black "Delorme, Axel"]
[Result "0-1"]
[WhiteElo "2127"]
[BlackElo "2489"]
[Annotator "TA"]
[PlyCount "46"]
[EventDate "2019.05.18"]
[EventType "team-tourn"]
[EventCountry "FRA"]
[SourceTitle "playchess.com"]
[Source "ChessBase"]
[SourceQuality "1"]

{[%evp 20,76,3,0,0,0,0,0,0,7,30,0,0,0,0,0,53,51,67,0,19,-164,-175,-163,-170,-193,-193,-260,-216,-222,-198,-222,-216,-229,-229,-200,-179,-238,-208,-205,-206,-649,-649,-1003,-602,-587,-557,-1225,-1219,-1200,-1198,-1247,-1214,-29991,-29990,-29991,-29992,-29992,-5628]} 1. d4 Nf6 2. c4 g6 3. Nc3 Bg7 4. e4 d6 5. Nf3 O-O 6. Be3 Nbd7 7. h3 e5 8. dxe5 dxe5 9. Be2 c6 10. O-O Qe7 11. Qc2 Nh5 {E94: King's Indian: Classical: 6 Be2 e5 7 0-0: Various Black 7th moves} 12. Rfe1 Nc5 13. Rad1 Nf4 {The position is equal.} 14. Bf1 a5 15. Na4 (15. Bxc5 $5 Qxc5 16. Na4 $11) 15... Nxa4 16. Qxa4 Ne6 17. c5 $146 ({Predecessor:} 17. Qc2 c5 18. a3 a4 19. Nd2 {½-½ (52) Tishin,D (2310)-Kovalev,A (2554) Alushta 2003}) 17... f5 (17... Nxc5 $11 18. Qa3 b6) 18. exf5 $14 gxf5 19. Qc4 ({White should try} 19. Bc4 $14) 19... Kh8 20. Rc1 $2 (20. Qc1 $11 {and White stays safe.}) 20... e4 $1 $19 {[%cal Re4f3][%mdl 64] Discovered Attack} 21. Nh2 Bxb2 22. Rc2 Be5 23. Bc1 (23. Kh1 $142) 23... Nd4 {Played: Qe7-g7} 0-1

[Event "FRA-chT Top 12 2019"]
[Site "Brest"]
[Date "2019.05.19"]
[Round "2.8"]
[White "Relange, Eloi"]
[Black "Nelis, Jean-Francois"]
[Result "1-0"]
[WhiteElo "2456"]
[BlackElo "2149"]
[Annotator "TA"]
[PlyCount "47"]
[EventDate "2019.05.18"]
[EventType "team-tourn"]
[EventCountry "FRA"]
[SourceTitle "playchess.com"]
[Source "ChessBase"]
[SourceQuality "1"]

{[%evp 21,51,60,58,43,83,61,84,47,69,63,62,36,61,65,73,0,60,65,103,84,111,51,356,375,434,277,281,291,476,468,714,707]} 1. Nf3 c5 2. c4 b6 3. e4 Bb7 4. Nc3 e6 5. d4 cxd4 6. Nxd4 a6 7. Be2 Qc7 8. O-O Nf6 9. f3 Be7 10. Be3 d6 11. Qd2 O-O 12. a4 {B41: Sicilian: Kan Variation: 5 c4} (12. Rfc1 Nbd7 13. b4 Rac8 14. Nb3 Qb8 15. Bf1 Rfe8 16. Qf2 Bd8 17. Na4 Ba8 18. c5 b5 19. Nc3 Bc7 20. g3 dxc5 21. Nxc5 Nxc5 22. bxc5 {1-0 (45) Nepomniachtchi,I (2729)-Ponkratov,P (2613) Riadh 2017}) 12... Rd8 13. Rfc1 Nbd7 14. Bf1 {White is better.} Rac8 15. a5 bxa5 16. Nb3 Qb8 {White should prevent ...Bxe4.} 17. Nxa5 Ba8 18. b4 $146 (18. Rd1 $16) ({Predecessor:} 18. Qf2 Ne8 19. Ba7 Qc7 20. Bd4 Rb8 {½-½ (36) Idani,P (2218)-Menezes,C (1856) Kemer 2009}) 18... Ne5 (18... d5 $1 $11 19. cxd5 exd5) 19. Bd4 Nfd7 20. Qf2 Bf6 21. b5 (21. Rcb1 $16) 21... axb5 $2 {[%mdl 8192] [#]} ({Black should try} 21... Nc5 $14) 22. Ba7 $1 $18 {[%cal Ra7b8]} (22. cxb5 Ng6 $16) 22... Bh4 {[#]} 23. g3 $1 Nxf3+ 24. Kg2 {Played: Kg1-h1} 1-0

[Event "FRA-chT Top 12 2019"]
[Site "Brest"]
[Date "2019.05.19"]
[Round "2.8"]
[White "Maisuradze, Nino"]
[Black "Fruteau, Sabine"]
[Result "1-0"]
[WhiteElo "2179"]
[BlackElo "2015"]
[Annotator "NA RC"]
[PlyCount "63"]
[EventDate "2019.05.18"]
[EventType "team-tourn"]
[EventCountry "FRA"]
[SourceTitle "playchess.com"]
[Source "ChessBase"]
[SourceQuality "1"]
[TimeControl "40/5400+30:1800+30"]

1. c4 {[%emt 0:00:00]} c5 {[%emt 0:00:54]} 2. Nc3 {[%emt 0:00:07]} Nc6 {[%emt 0:00:45]} 3. g3 {[%emt 0:00:56]} g6 {[%emt 0:01:42]} 4. Bg2 {[%emt 0:00:03]} Bg7 {[%emt 0:00:04]} 5. e3 {[%emt 0:03:03]} e6 {[%emt 0:13:38]} 6. Nge2 {[%emt 0:00:46]} Nge7 {[%emt 0:00:07]} 7. d4 {[%emt 0:29:06]} cxd4 {[%emt 0:41:37]} 8. exd4 {[%emt 0:03:33]} d5 {[%emt 0:00:05]} 9. c5 {[%emt 0:04:02]} O-O {[%emt 0:05:18]} 10. O-O {[%emt 0:05:29]} b6 {[%emt 0:00:07]} 11. a3 {[%emt 0:05:54]} bxc5 {[%emt 0:05:50]} 12. dxc5 {[%emt 0:00:10]} a5 {[%emt 0:04:37]} 13. Rb1 {[%emt 0:04:04]} Ba6 {[%emt 0:00:27]} 14. Re1 {[%emt 0:05:09]} Rb8 {[%emt 0:03:26]} 15. Bd2 {[%emt 0:01:20]} Bd3 {[%emt 0:01:04]} 16. Qa4 {[%emt 0:02:44]} Bxb1 {[%emt 0:05:36]} 17. Rxb1 {[%emt 0:00:04]} Qc8 {[%emt 0:00:08]} 18. b4 {[%emt 0:02:44]} axb4 {[%emt 0:02:10]} 19. axb4 {[%emt 0:00:02]} Ra8 {[%emt 0:01:37]} 20. Qd1 {[%emt 0:04:49]} Ne5 {[%emt 0:02:50]} 21. Na4 {[%emt 0:05:55]} Nc4 {[%emt 0:00:06]} 22. Bc3 {[%emt 0:00:29]} Qa6 23. Bxg7 {[%emt 0:00:31]} Kxg7 {[%emt 0:04:08]} 24. Nec3 {[%emt 0:01:03]} Rfb8 {[%emt 0:02:53]} 25. Bf1 {[%emt 0:00:40]} Kg8 {[%emt 0:01:38]} 26. b5 {[%emt 0:00:43]} Qa5 {[%emt 0:00:22]} 27. Bxc4 {[%emt 0:01:20]} dxc4 {[%emt 0:00:05]} 28. Qd4 {[%emt 0:00:26]} Rd8 {[%emt 0:01:04]} 29. Qxc4 {[%emt 0:00:24]} Nd5 {[%emt 0:00:06]} 30. b6 {[%emt 0:01:36]} Nxc3 {[%emt 0:01:11]} 31. Nxc3 {[%emt 0:00:06]} Rac8 {[%emt 0:00:58]} 32. c6 {[%emt 0:02:40]} 1-0

[Event "FRA-chT Top 12 2019"]
[Site "Brest"]
[Date "2019.05.19"]
[Round "2.8"]
[White "Thomas, Anysia"]
[Black "De Seroux, Camille"]
[Result "0-1"]
[WhiteElo "2178"]
[BlackElo "2143"]
[Annotator "TA"]
[PlyCount "72"]
[EventDate "2019.05.18"]
[EventType "team-tourn"]
[EventCountry "FRA"]
[SourceTitle "playchess.com"]
[Source "ChessBase"]
[SourceQuality "1"]

{[%evp 9,106,20,43,39,40,47,45,42,43,39,38,11,20,12,33,0,0,0,25,16,35,44,57,24,16,14,58,48,71,16,59,11,15,0,0,-2,0,-16,-14,-44,-33,-117,-103,-170,-114,-161,-164,-159,-189,-194,-135,-229,-167,-164,-175,-182,-163,-327,-314,-308,-298,-350,-341,-462,-456,-514,-496,-498,-499,-476,-413,-525,-520,-595,-571,-613,-612,-606,-581,-619,-614,-602,-610,-624,-623,-1252,-1245,-1166,-1035,-1993,-1762,-2197,-2197,-2289,-2096,-1975,-2132,-5481,-1841]} 1. d4 Nf6 2. c4 c5 3. d5 b5 4. cxb5 a6 5. bxa6 g6 6. Nc3 {A58: Benko/Volga Gambit: Lines with 5 bxa6} Bg7 7. e4 {Strongly threatening e5.} O-O 8. Nf3 {White is slightly better.} (8. e5 Ne8 9. h4 Bxe5 10. Bh6 Bxa6 11. h5 Ng7 12. Nf3 Bxc3+ 13. bxc3 Bxf1 14. Kxf1 {1-0 (22) So,W (2780)-Duda,J (2737) chess.com INT 2018}) 8... Qa5 {Black wants to play ...Nxe4.} 9. Nd2 Bxa6 10. Nb3 Qb6 11. Bxa6 Nxa6 12. Be3 $146 ({Predecessor:} 12. O-O d6 {0-1 (42) Galiev,E (1674)-Tsybikov,T (2290) Moscow 2019}) 12... d6 13. O-O $36 {[%mdl 2048] White has the initiative.} Rfb8 14. Rb1 Nb4 15. Nc1 Nd7 16. a3 Na6 {Threatens to win with ...Bxc3.} 17. N1e2 Qa5 18. Bg5 Qd8 19. Bf4 (19. h3 $16) 19... Ne5 20. Bxe5 Bxe5 21. f4 Bg7 22. Qd3 Rb7 23. f5 Nb8 {[%cal Ba6b8,Bb8d7,Bd7f6][%mdl 32]} 24. fxg6 hxg6 25. e5 (25. Qf3 $15 Qe8 26. a4) 25... Bxe5 $17 26. Ne4 (26. h4 $17 {keeps fighting.}) 26... Qe8 (26... Rxb2 $19 27. Rxb2 Bxb2) 27. Qh3 {[#] Black must now prevent Ng5.} Nd7 $1 28. Ng5 {White threatens Qh7+ and mate.} Nf6 29. b4 Rab8 (29... Kg7 $19 30. b5 Qb8) 30. Qh4 (30. Qh6 $17 {was necessary.}) 30... Kg7 31. Rb3 {With the idea Rh3.} Qh8 32. Qxh8+ Rxh8 33. b5 $2 (33. Nf3) 33... Bxh2+ 34. Kf2 Be5 ({Don't take} 34... Nxd5 35. g3 $19) 35. a4 {Now Nf3 and White clings on.} Ra8 ({Much less strong is} 35... Nxd5 36. Nf3 $19) 36. Ra3 {[#]} Nxd5 {Played: Rb7xb5} 0-1

[Event "FRA-chT Top 12 2019"]
[Site "Brest"]
[Date "2019.05.19"]
[Round "2.8"]
[White "Monpeurt, Cyrielle"]
[Black "Haussernot, Cecile"]
[Result "0-1"]
[WhiteElo "2166"]
[BlackElo "2097"]
[Annotator "TA"]
[PlyCount "68"]
[EventDate "2019.05.18"]
[EventType "team-tourn"]
[EventCountry "FRA"]
[SourceTitle "playchess.com"]
[Source "ChessBase"]
[SourceQuality "1"]

{[%evp 11,68,15,18,-7,-14,-8,0,-15,-16,-20,-10,-27,-22,-24,-12,-32,-16,-18,-18,-16,4,0,16,-118,-106,-185,-200,-193,-172,-163,-133,-110,-129,-295,-291,-292,-290,-299,-260,-321,-318,-511,-529,-727,-293,-285,-245,-520,-471,-514,-504,-504,-484,-486,-485,-1148,-1110,-5265,-2229]} 1. e4 c5 2. Nf3 d6 3. d4 cxd4 4. Nxd4 Nf6 5. Nc3 a6 6. f4 e5 7. Nf5 {B93: Sicilian Najdorf: 6 f4} (7. Nf3 Qc7 8. Bd3 Be7 9. Qe2 Nbd7 10. g4 exf4 11. Bxf4 Ne5 12. g5 Nh5 13. Nd5 Qd8 14. Bxe5 dxe5 15. Nxe5 Nf4 16. Qf3 Nxd3+ 17. cxd3 {1-0 (29) Amonatov,F (2614)-Sarana,A (2618) St Petersburg 2018}) 7... Nc6 8. Bc4 g6 9. fxe5 {The position is equal.} Nxe5 10. Ne3 Bg7 11. O-O O-O 12. Bb3 Be6 $36 {[%mdl 2048] Black fights for an advantage.} 13. Kh1 $146 ({Predecessor:} 13. Ned5 Nxd5 14. Nxd5 Rc8 {1-0 (79) Monpeurt,C (2175)-Haussernot,C (2198) Nimes 2018}) 13... Rc8 14. Ned5 {Hoping for Bg5.} Nxd5 15. Nxd5 Kh8 16. c3 f5 17. Bc2 (17. exf5 $11 Rxf5 18. Rxf5 Bxf5 19. Bf4) 17... fxe4 $17 18. Nf4 (18. Rxf8+ $17 {was called for.} Qxf8 19. Nf4) 18... Bg4 $19 19. Qe1 d5 20. h3 Bf5 21. Be3 Nc4 22. Bd4 $2 (22. Bb3 $17) 22... Bxd4 ({Weaker is} 22... Nxb2 23. Bxg7+ Kxg7 24. g4 $17) 23. cxd4 g5 ({Resist} 23... Nxb2 24. Bb3 $19) 24. Nh5 Nxb2 25. Qg3 {[#] aiming for Qe5+.} Qe7 $1 26. Bb3 $2 (26. Bd1) 26... Bg6 27. Qg4 {and the idea Nf6! leaves White hopeful.} Nd3 (27... e3 $142 28. Ng3 Nd3 29. Rxf8+ Rxf8) 28. Nf6 Qd8 {And now ...e3 would win.} 29. Qxg5 $2 {[#]} (29. Nxd5 Nf2+ 30. Rxf2 Rxf2 31. Qg3) 29... e3 $1 {[%mdl 576] Deflection. Black is clearly winning.} 30. Qxe3 Rxf6 31. Rxf6 Qxf6 32. Bxd5 Re8 33. Qg3 (33. Qf3 $142 Qxd4 34. Rf1) 33... Qxd4 {[%mdl 64] Double Attack} 34. Rd1 Nf2+ {[%mdl 64] Double Attack, Discovered Attack. Accuracy: White = 28%, Black = 67%.} 0-1

[Event "FRA-chT Top 12 2019"]
[Site "Brest"]
[Date "2019.05.19"]
[Round "2.8"]
[White "Verot, Melanie"]
[Black "Barbot, Pierre"]
[Result "0-1"]
[WhiteElo "2069"]
[BlackElo "2439"]
[Annotator "TA"]
[PlyCount "90"]
[EventDate "2019.05.18"]
[EventType "team-tourn"]
[EventCountry "FRA"]
[SourceTitle "playchess.com"]
[Source "ChessBase"]
[SourceQuality "1"]

{[%evp 19,90,10,12,10,12,14,22,25,16,0,0,18,24,-16,0,-34,0,-29,-13,-14,-14,-16,-9,-8,0,-78,-81,-143,-133,-129,-130,-130,-123,-141,-138,-235,-242,-251,-242,-267,-276,-253,-253,-246,-128,-267,-269,-342,-332,-337,-339,-350,-345,-713,-688,-837,-827,-909,-896,-1039,-1020,-2651,-985,-1567,-1500,-29972,-29973,-29987,-29988,-29988,-29989,-29993,-29994]} 1. d4 Nf6 2. Nf3 e6 3. c4 Bb4+ 4. Nbd2 O-O 5. e3 b6 6. Bd3 Bb7 7. O-O d5 8. a3 Be7 9. cxd5 exd5 10. b4 Nbd7 11. Bb2 {E14: Queen's Indian: Classical Variation (4 e3)} c5 12. bxc5 bxc5 13. dxc5 {The position is equal.} Nxc5 14. Nb3 {[#] Strongly threatening Bxf6.} Nxd3 15. Qxd3 {[#]} Ne4 $146 ({Predecessor:} 15... Qb6 16. Rfb1 Ba6 17. Qd1 Bc4 18. Nbd4 g6 {½-½ (34) Alekseev,E (2640)-Rozum,I (2573) Skopje 2019}) 16. Rfd1 a5 17. Qb5 Nd6 (17... Ba6 $5 {[%cal Ra6b5]} 18. Qxd5 Qxd5 19. Rxd5 Rfb8 $11) 18. Qa4 Nc4 19. Bd4 Qc7 {aiming for ...Bc6.} 20. Nbd2 Rfc8 21. Rdc1 Bd6 22. Qc2 (22. Rc3 $11) 22... Qe7 $36 {[%mdl 2048] Keeping White busy.} 23. Qf5 (23. Nxc4 $142 dxc4 24. Qc3) 23... Nxd2 24. Nxd2 Rxc1+ 25. Rxc1 Bxa3 26. Rb1 Bb4 27. Nf3 (27. Nf1 $17 {might work better.}) 27... Qe4 $19 28. Qxe4 dxe4 29. Ne5 f6 30. Nd7 Rc8 31. h4 Rc7 ({Black should try} 31... Rc4 $19 32. Bc5 Kf7 33. Bxb4 Rxb4 34. Rxb4 axb4) 32. Nb6 (32. Nc5 $17) 32... Rc2 33. h5 h6 34. Ra1 Kf7 35. g4 Ke6 36. Rd1 $2 (36. Na4) 36... Ba6 37. Na4 Be2 {[%mdl 64] [#] Double Attack} 38. Rb1 Bxg4 39. Bb6 Bxh5 40. Nb2 Be2 41. Bd4 h5 42. Kg2 Bf3+ {Black mates.} 43. Kg1 h4 44. Na4 Bd6 45. Nc3 h3 {Accuracy: White = 23%, Black = 66%.} 0-1

[Event "FRA-chT Top 12 2019"]
[Site "Brest"]
[Date "2019.05.19"]
[Round "2.8"]
[White "Bolon, Karelle"]
[Black "Skripchenko, Almira"]
[Result "0-1"]
[WhiteElo "2018"]
[BlackElo "2406"]
[Annotator "NA RC"]
[PlyCount "64"]
[EventDate "2019.05.18"]
[EventType "team-tourn"]
[EventCountry "FRA"]
[SourceTitle "playchess.com"]
[Source "ChessBase"]
[SourceQuality "1"]
[TimeControl "40/5400+30:1800+30"]

1. e4 {[%emt 0:00:00]} c5 {[%emt 0:00:18]} 2. a3 {[%emt 0:00:07]} e6 {[%emt 0:11:06]} 3. b4 {[%emt 0:02:46]} cxb4 {[%emt 0:01:06]} 4. axb4 {[%emt 0:00:31]} Bxb4 {[%emt 0:00:14]} 5. c3 {[%emt 0:00:24]} Bf8 {[%emt 0:08:08]} 6. d4 {[%emt 0:02:59]} d5 {[%emt 0:02:25]} 7. e5 {[%emt 0:04:57]} Bd7 {[%emt 0:06:02]} 8. Bd3 {[%emt 0:03:07]} Nc6 {[%emt 0:00:59]} 9. Ne2 {[%emt 0:03:12]} h5 {[%emt 0:01:30]} 10. Nf4 {[%emt 0:02:12]} Qb6 {[%emt 0:23:33]} 11. Na3 {[%emt 0:19:27]} ({Not} 11. Nxh5 {[#]} Nxd4 $1 {[%mdl 512]} 12. Nd2 Rc8 $17) 11... a6 {[%emt 0:05:53]} 12. Nxh5 {[%emt 0:26:37]} (12. O-O $14) 12... Rc8 $11 {[%emt 0:11:49]} 13. Qg4 {[%emt 0:07:55]} g6 {[%emt 0:03:15]} 14. Bxg6 {[%emt 0:07:16]} fxg6 {[%emt 0:00:39]} 15. Qxg6+ {[%emt 0:00:09]} Kd8 {[%emt 0:00:06]} 16. Ng7 {[%emt 0:07:05]} Nce7 {[%emt 0:08:59]} 17. Qf7 {[%emt 0:02:18]} Kc7 {[%emt 0:02:36]} 18. Rb1 {[%emt 0:01:05]} Qc6 {[%emt 0:01:22]} 19. Rb3 {[%emt 0:02:01]} Kb8 {[%emt 0:02:04]} 20. O-O {[%emt 0:00:28]} Rh7 {[%emt 0:00:26]} 21. Bg5 {[%emt 0:02:57]} Rxg7 {[%emt 0:00:31]} 22. Qh5 {[%emt 0:00:11]} Be8 {[%emt 0:01:19]} 23. Qh4 {[%emt 0:00:23]} Nf5 {[%emt 0:00:21]} 24. Qf4 {[%emt 0:00:04]} Qa4 {[%emt 0:00:48]} 25. Rfb1 {[%emt 0:00:47]} Bxa3 {[%emt 0:00:27]} 26. g4 {[%emt 0:00:09]} Bg6 {[%emt 0:02:22]} 27. Rb6 {[%emt 0:00:52]} Qc2 {[%emt 0:02:18]} 28. Bf6 {[%emt 0:00:29]} Rgc7 {[%emt 0:00:45]} 29. gxf5 {[%emt 0:01:42]} Bxf5 {[%emt 0:00:15]} 30. R6b3 {[%emt 0:00:24]} Nxf6 {[%emt 0:00:47]} 31. exf6 {[%emt 0:00:14]} Rg8+ {[%emt 0:00:03]} 32. Kf1 {[%emt 0:01:09]} Bd3+ {[%emt 0:00:07]} 0-1